LIBRARY & INFORMATION CENTRE, KCAET, TAVANUR

ONLINE PUBLIC ACCESS CATALOGUE (OPAC)

Organic chemistry / (Record no. 9354)

MARC details
000 -LEADER
fixed length control field 00503cam a2200205ua 4500
041 ## - LANGUAGE CODE
Language code of text/sound track or separate title eng
082 ## - DEWEY DECIMAL CLASSIFICATION NUMBER
Classification number 547
Item number AST/OR
100 ## - MAIN ENTRY--AUTHOR NAME
Personal name Astle, Melvin J .
245 ## - TITLE STATEMENT
Title Organic chemistry /
250 ## - EDITION STATEMENT
Edition statement 2 /
260 ## - PUBLICATION, DISTRIBUTION, ETC. (IMPRINT)
Place of publication Calcutta :
Name of publisher Oxford & IBH Publishing company ,
Year of publication 1959.
300 ## - PHYSICAL DESCRIPTION
Number of Pages 771 ; .
700 1# - ADDED ENTRY--PERSONAL NAME
Personal name Shelton, Reid J .
942 ## - ADDED ENTRY ELEMENTS (KOHA)
Koha item type Books
Holdings
Withdrawn status Lost status Damaged status Home library Current library Date acquired Full call number Accession Number Koha item type
      KAUAET KAUAET 07/04/2012 547 AST/OR 4718 Books
      KAUAET KAUAET 07/04/2012 547 AST/OR 12390 Books
free website counter